Most popular university majors - Statistics

General Stats
  • This quiz has been taken 199 times
  • The average score is 5 of 10
Answer Stats
Rank Major % Correct
4 Business
73%
10 Biology
72%
6 English Language and Literature
72%
7 Psychology
62%
5 Economics
53%
3 Political science
49%
1 Computer Science
46%
2 Communications
39%
8 Nursing
38%
9 Chemical Engineering
6%
No matching quizzes found
Score Distribution
Percent of People with Each Score
Percentile by Number Answered
Your Score History
You have not taken this quiz